Minecraft… or Roblox - Statistics

General Stats
  • This quiz has been taken 244 times
  • The average score is 8 of 10
Answer Stats
Question Answer % Correct
Has a monster called the “wither” Minecraft
98%
Has a gamemode called “survival” Minecraft
94%
Has multiplayer modes Both
91%
Has a girl and a boy default skin Both
89%
Had a death noise that sounded like ‘oof’ Roblox
88%
Is composed entirely of squares Minecraft
84%
The game consists only of thousands of community created games Roblox
77%
Has in-game currency Both
75%
Was created earlier Roblox
51%
Has more downloads Minecraft
50%
No matching quizzes found
Score Distribution
Percent of People with Each Score
Percentile by Number Answered
Your Score History
You have not taken this quiz